000 00415nam a22001817a 4500
003 MPLRDC
005 20220104113951.0
008 210129b ||||| |||| 00| 0 eng d
082 _a848.2 JJ-2
100 _a季季著
245 _a异乡之死
_c
250 _a再版
260 _a
_b大地出版社
_c1987
300 _b
490 _a万卷文库;49
650 _a现代别集
942 _cBK
_o848.2 JJ-2
999 _c3769
_d3759